| 000 | 00690nam a2200229Ia 4500 | ||
|---|---|---|---|
| 005 | 20260429112135.0 | ||
| 008 | 260429s9999||||xx |||||||||||||| ||und|| | ||
| 020 | _a9781498726061 | ||
| 041 | _aEnglish | ||
| 082 |
_a519.54 _bHAL |
||
| 100 | _aHall, William Jackson | ||
| 245 | 0 |
_aCourse in the large sample theory of statistical inference / _cWilliam Jackson Hall |
|
| 250 | _a1st ed. | ||
| 260 |
_aBoca Raton : _bCRC Press, _c2024. |
||
| 300 | _ax, 309 p.; hb | ||
| 440 | _aChapman & Hall/CRC texts in statistical science | ||
| 650 | _a Asymptotic theory | ||
| 650 | _aStatistical hypothesis testing | ||
| 700 | _a Oakes, David | ||
| 700 | _aBlitzein, Joseph K | ||
| 942 | _cTB | ||
| 999 |
_c52552 _d52552 |
||